000 00638nam a2200229 i 4500
001 bgj
100 1 _aBLAKE, William
_d(1757-1827)
245 1 0 _aThe Complete Poems [of] William Blake /
_cedited by Alicia Ostriker.
260 _aLondon :
_bPenguin Books,
_c1977.
300 _a1071 pp ;
_c20 cm.
490 1 _aPenguin English Poets
505 _aIncludes index.
600 1 9 _aBlake, William 1757-1827
700 1 _aOSTRIKER, Alicia.
_eed.
830 _aPenguin English Poets
020 _a0140422153
040 _cBPK
041 0 _aeng
920 _a0-14-042215-3
942 _cKS
008 s uk f |000 0 eng
999 _c49103
_d49103
856 _uhttp://koha.tu.koszalin.pl/cgi-bin/koha/opac-detail.pl?biblionumber=49103
_yKatalog online BPK